[Event "Sparkassen Open A"]
[Site "Dortmund GER"]
[Date "2010.07.17"]
[Round "1"]
[White "Zaitsev,Mikhail V"]
[Black "Schuelke,T"]
[Result "1-0"]
[WhiteElo "2507"]
[BlackElo "2053"]
[EventDate "2010.07.17"]

1. e4 d5 2. exd5 Nf6 3. c4 e6 4. Nc3 exd5 5. cxd5 Be7 6. Bc4 O-O 7. Nf3
Nbd7 8. h3 Nb6 9. Bb3 Nbxd5 10. O-O a6 11. d4 Bf5 12. Re1 Nxc3 13. bxc3 h6
14. Ne5 Bd6 15. Qf3 Bc8 16. Bf4 Bxe5 17. Rxe5 Kh8 18. Rae1 c6 19. Bc1 Qd6
20. Re7 Ng8 21. Rxf7 Bd7 22. Qf4 Qxf4 23. Rxf4 Nf6 24. Rf3 Nd5 25. Rxf8+
Rxf8 26. c4 Nf6 27. Bf4 b5 28. Bd6 Ra8 29. Re7 Bf5 30. Be5 Bd3 31. cxb5
cxb5 32. d5 a5 33. d6 Rd8 34. Bxf6 gxf6 35. d7 Bg6 36. Bd5 b4 37. Bc6 1-0

[Event "Sparkassen Open A"]
[Site "Dortmund GER"]
[Date "2010.07.17"]
[Round "1"]
[White "Maniocha,M"]
[Black "Henrichs,T"]
[Result "0-1"]
[WhiteElo "2051"]
[BlackElo "2490"]
[EventDate "2010.07.17"]

1. d4 g6 2. c4 Bg7 3. Nc3 c5 4. e3 Nf6 5. g3 cxd4 6. exd4 d5 7. Bg2 dxc4 8.
Qa4+ Nfd7 9. Nge2 O-O 10. Qxc4 Nc6 11. Be3 Nb6 12. Qb3 Nxd4 13. Nxd4 Bxd4
14. Rd1 e5 15. O-O Bg4 16. Rd2 Be6 17. Qc2 Nc4 18. Rdd1 Nxe3 19. fxe3 Bxe3+
20. Kh1 Qc7 21. Qe4 Bh6 22. Nd5 Bxd5 23. Rxd5 Bg7 24. Rfd1 Rad8 25. Qd3 Bf6
26. Qb3 b6 27. Be4 Kg7 28. Qf3 Rxd5 29. Bxd5 h5 30. Rf1 Bg5 31. Bb3 f5 32.
Qd5 Rd8 33. Qe6 Qb7+ 0-1

[Event "Sparkassen Open A"]
[Site "Dortmund GER"]
[Date "2010.07.17"]
[Round "1"]
[White "Carrasco,Pau"]
[Black "Nalbandian,T"]
[Result "0-1"]
[WhiteElo "2038"]
[BlackElo "2453"]
[EventDate "2010.07.17"]

1. c4 Nf6 2. Nc3 g6 3. d4 Bg7 4. e4 d6 5. f3 O-O 6. Be3 e5 7. d5 Nh5 8.
Nge2 f5 9. Qd2 Qh4+ 10. Bf2 Qe7 11. O-O-O Nd7 12. Kb1 Ndf6 13. Ng3 Nxg3 14.
Bxg3 fxe4 15. Nxe4 Nxe4 16. fxe4 Bg4 17. Be2 Bh6 18. Qd3 Bd7 19. Rdf1 Qg5
20. h4 Qe3 21. Qxe3 Bxe3 22. Rxf8+ Rxf8 23. Rf1 Rxf1+ 24. Bxf1 Bg4 25. Kc2
Kg7 26. Kd3 Bc1 27. b3 Kh6 28. Bf2 b6 29. g3 Kh5 30. Bg2 Ba3 31. Be1 a5 32.
Bf2 Bb4 33. Bf1 Bd1 34. Bh3 Bg4 35. Bf1 Bd1 36. Bh3 a4 37. bxa4 Bxa4 38.
g4+ Kh6 39. Be3+ Kg7 40. Bg5 Bd7 41. Bd8 h5 42. Bxc7 Bc5 43. Bd8 hxg4 44.
Bg2 Kh6 45. Be7 Ba4 46. Kd2 Bb4+ 47. Ke2 Bc2 48. Bd8 Bc5 49. Kd2 Ba4 50.
Ke2 Kh5 51. Bh1 b5 52. cxb5 Bxb5+ 53. Ke1 Ba3 54. Kf2 Bc4 55. Be7 Bxa2 56.
Bg2 Bb1 57. Ke2 Kh6 58. Kf2 Bc2 59. Kg3 Bd1 60. Bg5+ Kg7 61. Bd2 Bc5 62.
Bf1 Bf3 63. Bd3 Kf7 64. Bg5 Bb4 65. Kf2 Ba5 66. Bc2 Bb4 67. Bd3 Bd1 68. Kg2
Be1 69. Kf1 Bg3 70. Kg2 Bf4 71. Bd8 Bf3+ 72. Kf2 Bh2 73. Bb6 Bh1 74. Kf1 g3
0-1

[Event "Sparkassen Open A"]
[Site "Dortmund GER"]
[Date "2010.07.17"]
[Round "1"]
[White "Carlstedt,J"]
[Black "Weber,Martin"]
[Result "1-0"]
[WhiteElo "2379"]
[BlackElo "2031"]
[EventDate "2010.07.17"]

1. c4 e6 2. g3 d5 3. Bg2 c6 4. Nf3 f5 5. O-O Nf6 6. b3 Bd6 7. Nc3 O-O 8.
Bb2 Qe7 9. Qc2 Na6 10. d3 e5 11. cxd5 Nb4 12. Qd2 Nbxd5 13. e4 fxe4 14.
dxe4 Nxc3 15. Qxc3 Re8 16. h3 Bd7 17. Rad1 c5 18. Qc4+ Be6 19. Qc2 Bd7 20.
Rd2 Bc6 21. Ng5 h6 22. Qc4+ Kf8 23. Rxd6 1-0

[Event "Sparkassen Open A"]
[Site "Dortmund GER"]
[Date "2010.07.17"]
[Round "1"]
[White "Michalczak,T"]
[Black "Barskij,A"]
[Result "1-0"]
[WhiteElo "2367"]
[BlackElo "2000"]
[EventDate "2010.07.17"]

1. e4 c5 2. c3 d5 3. exd5 Qxd5 4. Nf3 Nf6 5. Na3 Nc6 6. Bc4 Qe4+ 7. Be2 Bg4
8. O-O O-O-O 9. Re1 Qd5 10. Nc2 e5 11. Ne3 Qd7 12. Nxg4 Nxg4 13. Bb5 f6 14.
Qa4 Nh6 15. d4 exd4 16. cxd4 a6 17. Bf4 Bd6 18. Bxc6 Qxc6 19. Qxc6+ bxc6
20. Bxd6 Rxd6 21. dxc5 Rd5 22. b4 Rhd8 23. g3 Nf5 24. Kg2 Nd4 25. Re7 Nxf3
26. Kxf3 R8d7 27. Rxd7 Kxd7 28. Ke3 Ke6 29. f4 Kf5 30. h3 h5 31. Rg1 g5 32.
g4+ hxg4 33. hxg4+ Ke6 34. fxg5 fxg5 35. Rh1 Re5+ 36. Kd3 Rd5+ 37. Kc4 Rd2
38. Rh6+ Ke7 39. Rxc6 Rxa2 40. Rg6 Kd7 41. Rxg5 Kc7 42. Rg7+ Kb8 43. g5 Rg2
44. c6 Rg4+ 45. Kc5 Kc8 46. b5 axb5 47. Kb6 1-0

[Event "Sparkassen Open A"]
[Site "Dortmund GER"]
[Date "2010.07.17"]
[Round "1"]
[White "Wickenfeld,S"]
[Black "Bach,Mat"]
[Result "1/2-1/2"]
[WhiteElo "1974"]
[BlackElo "2303"]
[EventDate "2010.07.17"]

1. d4 Nf6 2. Nf3 g6 3. g3 Bg7 4. Bg2 d6 5. O-O O-O 6. b3 c5 7. Bb2 cxd4 8.
Nxd4 a6 9. c4 Nbd7 10. Nc3 Ne5 11. Qd2 Rb8 12. Rac1 Bd7 13. Nd5 Ne8 14. Qg5
f6 15. Qe3 Rf7 16. h3 e6 17. Nf4 Bh6 18. Ndxe6 Bxe6 19. Bxe5 fxe5 20. Nxe6
Bxe3 21. Nxd8 Bxc1 22. Nxf7 Ba3 23. Ng5 Nf6 24. f4 exf4 25. Rxf4 Bb2 26. g4
Re8 27. Ne4 Nxe4 28. Bxe4 Re7 29. Bd5+ Kg7 30. e4 b6 31. Kf2 Bf6 32. Ke2
Re5 33. Kd3 h5 34. gxh5 gxh5 35. Rf5 Kg6 36. Bc6 h4 37. Rxe5 Bxe5 38. b4
Kf6 39. Bb7 a5 40. c5 dxc5 41. bxc5 bxc5 42. Kc4 Bb2 43. Kb5 Bc3 44. Kxc5
Ke5 1/2-1/2

[Event "Sparkassen Open A"]
[Site "Dortmund GER"]
[Date "2010.07.17"]
[Round "1"]
[White "Savchenko,Alek"]
[Black "Kubo,T"]
[Result "1/2-1/2"]
[WhiteElo "2275"]
[BlackElo "1992"]
[EventDate "2010.07.17"]

1. d4 e6 2. Nf3 Nf6 3. Bg5 b6 4. e4 h6 5. Bxf6 Qxf6 6. e5 Qe7 7. Nc3 Bb7 8.
Bd3 g6 9. Qe2 Bg7 10. O-O-O d5 11. h4 a6 12. h5 g5 13. Qe3 c5 14. Be2 Nd7
15. g4 1/2-1/2

[Event "Sparkassen Open A"]
[Site "Dortmund GER"]
[Date "2010.07.17"]
[Round "1"]
[White "Tran,D"]
[Black "Krueger,Er"]
[Result "0-1"]
[WhiteElo "1958"]
[BlackElo "2255"]
[EventDate "2010.07.17"]

1. d4 Nf6 2. Nf3 g6 3. Nc3 d5 4. Bf4 Bg7 5. e3 O-O 6. Be2 c6 7. Ne5 Nfd7 8.
h4 Nxe5 9. Bxe5 f6 10. Bg3 e5 11. Qd2 Nd7 12. O-O-O b5 13. h5 Nb6 14. hxg6
hxg6 15. dxe5 fxe5 16. Bd3 Qe8 17. e4 d4 18. Ne2 Qf7 19. Kb1 Be6 20. Nc1
Nc4 21. Qg5 Bf6 22. Qh6 Qg7 23. Nb3 Bg4 24. f3 Qxh6 25. Rxh6 Bh5 26. Rh1
Kg7 27. R6xh5 gxh5 28. Nc5 Rh8 29. Nd7 h4 30. Bh2 Rhe8 31. Bxc4 bxc4 32.
Rf1 Re7 33. Nxf6 Kxf6 34. Kc1 Rg8 0-1

[Event "Sparkassen Open A"]
[Site "Dortmund GER"]
[Date "2010.07.17"]
[Round "1"]
[White "Wiebe,P"]
[Black "Kelm,M"]
[Result "1-0"]
[WhiteElo "2248"]
[BlackElo "1951"]
[EventDate "2010.07.17"]

1. c4 e5 2. g3 Nc6 3. Bg2 f5 4. Nc3 Nf6 5. d3 Bc5 6. e3 d6 7. Nge2 O-O 8.
O-O Bd7 9. a3 a5 10. Nd5 Rb8 11. Bd2 Kh8 12. b4 axb4 13. axb4 Nxd5 14. cxd5
Nxb4 15. d4 exd4 16. exd4 Bb5 17. dxc5 Re8 18. Bxb4 Bxe2 19. Qd4 Bxf1 20.
Bc3 Qd7 21. Rxf1 dxc5 22. Qxc5 Re7 23. Bh3 Rbe8 24. Rb1 Qc8 25. Qb4 c5 26.
Qf4 Rf7 27. Bg2 1-0

[Event "Sparkassen Open A"]
[Site "Dortmund GER"]
[Date "2010.07.17"]
[Round "1"]
[White "Richters,M"]
[Black "Guennigmann,M"]
[Result "1-0"]
[WhiteElo "1951"]
[BlackElo "2234"]
[EventDate "2010.07.17"]

1. e4 c5 2. c3 g6 3. d4 cxd4 4. cxd4 d5 5. e5 Bg7 6. Bd3 Nc6 7. Ne2 f6 8.
f4 Nh6 9. O-O O-O 10. Nbc3 Bf5 11. Bxf5 Nxf5 12. g4 Nh6 13. exf6 exf6 14.
f5 g5 15. h3 Qd6 16. Be3 Rfe8 17. Bf2 Rad8 18. Nb5 Qe7 19. Re1 a6 20. Nbc3
Qd7 21. Na4 Bf8 22. a3 b5 23. Nac3 Nf7 24. Ng3 Rxe1+ 25. Qxe1 Re8 26. Qd2
b4 27. axb4 Nxb4 28. Nh5 Qd6 29. Bg3 Qb6 30. Na4 Qc6 31. b3 Rc8 32. Re1 Nd8
33. h4 h6 34. hxg5 hxg5 35. Re8 a5 36. Nc5 Kf7 37. Re6 Nxe6 38. fxe6+ Ke7
39. Qf2 Bg7 40. Nxg7 Na6 41. Nf5+ Kd8 42. e7+ Ke8 43. Nd6+ Kxe7 44. Nxc8+
1-0

[Event "Sparkassen Open A"]
[Site "Dortmund GER"]
[Date "2010.07.17"]
[Round "1"]
[White "Bouaraba,M"]
[Black "Sieberg,R"]
[Result "0-1"]
[WhiteElo "2224"]
[BlackElo "1951"]
[EventDate "2010.07.17"]

1. d4 Nf6 2. c4 g6 3. Nc3 Bg7 4. Nf3 O-O 5. Bf4 d6 6. h3 Nbd7 7. e3 c5 8.
d5 Ne8 9. Be2 f5 10. Qd2 Ne5 11. O-O Nxf3+ 12. Bxf3 Nf6 13. Rfe1 Bd7 14. e4
Nxe4 15. Bxe4 fxe4 16. Nxe4 Bxb2 17. Qxb2 Rxf4 18. Qd2 Qf8 19. Re3 Bf5 20.
Ng5 Qf6 21. Rae1 Qxg5 22. Rxe7 Bxh3 23. g3 Rf5 24. Qb2 Qf6 25. Qd2 Re5 26.
R1xe5 dxe5 27. d6 Qf3 28. Qd5+ Qxd5 29. cxd5 Rd8 30. Rxb7 Rxd6 31. Rxa7
Rxd5 32. Rc7 Be6 33. a4 c4 34. Kg2 Ra5 35. Kf3 Rxa4 36. Ke4 c3+ 37. Kxe5
Rc4 38. Re7 0-1

[Event "Sparkassen Open A"]
[Site "Dortmund GER"]
[Date "2010.07.17"]
[Round "1"]
[White "Pilat,F"]
[Black "Frombach,R"]
[Result "0-1"]
[WhiteElo "1944"]
[BlackElo "2224"]
[EventDate "2010.07.17"]

1. d4 d6 2. Nf3 Bg4 3. e3 Nd7 4. Be2 e5 5. dxe5 dxe5 6. O-O Ngf6 7. b3 c6
8. Bb2 Qc7 9. c4 Be7 10. Qc2 O-O 11. Nc3 Rfe8 12. Rad1 Bf8 13. Rd2 a5 14.
a3 Nc5 15. Rdd1 Bh5 16. Nd2 Bg6 17. e4 Ne6 18. Nf3 Nc5 19. Nd2 Rad8 20.
Rfe1 Ne6 21. Ncb1 Nd4 22. Bxd4 Rxd4 23. Bf3 Red8 24. g3 Bc5 25. Re2 Qd6 26.
Ree1 Bxa3 27. Nxa3 Rxd2 28. c5 Qd4 29. Rxd2 Qxd2 30. Qxd2 Rxd2 31. Nc4 Rd3
32. Bd1 Nd7 33. Nxa5 Nxc5 34. b4 Nxe4 35. Nxb7 f6 36. Na5 Rd2 37. Bb3+ Kf8
38. f3 Ng5 39. Bd1 Be8 40. Be2 Rb2 41. Kf1 Ne6 42. Nb7 Nd4 43. Nc5 Bf7 44.
Nd3 Rxe2 45. Rxe2 Nxe2 46. Kxe2 Bc4 47. Ke3 Bxd3 48. Kxd3 Ke7 49. Ke4 Ke6
50. g4 g6 51. h3 f5+ 52. Ke3 Kd5 53. Kd3 h6 54. h4 fxg4 55. fxg4 e4+ 56.
Ke3 Ke5 57. h5 g5 0-1

[Event "Sparkassen Open A"]
[Site "Dortmund GER"]
[Date "2010.07.17"]
[Round "1"]
[White "Fichtner,E"]
[Black "Rott,G"]
[Result "0-1"]
[WhiteElo "1972"]
[BlackElo "2221"]
[EventDate "2010.07.17"]

1. d4 d5 2. Bf4 c6 3. e3 Qb6 4. Qc1 Bf5 5. c4 e6 6. Nc3 Nf6 7. Nf3 Nbd7 8.
c5 Qd8 9. h3 b6 10. Ba6 bxc5 11. Bb7 Bd3 12. Bxc6 cxd4 13. Bxa8 dxc3 14.
Qxc3 Bc4 15. Bc6 Ne4 16. Bxd7+ Qxd7 17. Qa5 Qb7 18. Qa4+ Bb5 19. Qa5 Nc5
20. Qc7 Nd3+ 21. Kd2 Bb4+ 22. Kc2 Qxc7+ 23. Bxc7 Nxf2 24. Kb3 Bc5 25. Nd4
Bc4+ 26. Kc3 Nxh1 27. Rxh1 Kd7 28. b3 Ba6 29. Bg3 f6 30. Rd1 Rc8 31. Kb2 e5
32. Nc2 Ke6 33. b4 Bb6 34. a4 Be2 35. Rd2 Bh5 36. Bf2 Bg6 37. b5 Ba5 38.
Re2 Bd3 0-1

[Event "Sparkassen Open A"]
[Site "Dortmund GER"]
[Date "2010.07.17"]
[Round "1"]
[White "Tkachuk,K"]
[Black "Lauche,Christoph"]
[Result "1/2-1/2"]
[WhiteElo "2181"]
[BlackElo "1918"]
[EventDate "2010.07.17"]

1. e4 c5 2. Nf3 Nc6 3. d4 cxd4 4. Nxd4 e5 5. Nf3 Nf6 6. Nc3 Bb4 7. Bc4 O-O
8. O-O h6 9. Qd3 d6 10. Nd5 Nxd5 11. Bxd5 Ne7 12. Rd1 Nxd5 13. Qxd5 Qc7 14.
c3 Bc5 15. Be3 Be6 16. Qd3 Rad8 17. b3 f5 18. exf5 Rxf5 19. c4 b6 20. Bxc5
bxc5 21. Nd2 d5 22. cxd5 Rxd5 23. Qe2 Rd4 24. Rac1 Bd5 25. f3 Qc6 26. Rc3
e4 27. fxe4 Bxe4 28. Nf3 Rxd1+ 29. Qxd1 Qg6 30. Qe2 Bxf3 31. Rxf3 Rxf3 32.
Qxf3 Qb1+ 33. Qf1 Qxa2 34. Qc4+ Kh7 35. Qe4+ 1/2-1/2

[Event "Sparkassen Open A"]
[Site "Dortmund GER"]
[Date "2010.07.17"]
[Round "1"]
[White "Mundorf,J"]
[Black "Kartsev,So"]
[Result "1/2-1/2"]
[WhiteElo "1903"]
[BlackElo "2202"]
[EventDate "2010.07.17"]

1. Nf3 f5 2. g3 Nf6 3. Bg2 g6 4. b4 Bg7 5. Bb2 O-O 6. c4 d6 7. d4 Nc6 8. b5
Na5 9. Qa4 b6 10. Nbd2 a6 11. Qc2 axb5 12. Ng5 Ra7 13. cxb5 Bd7 14. a4 d5
15. Ngf3 Ne4 16. O-O c6 17. bxc6 Bxc6 18. e3 Qd7 19. Nxe4 fxe4 20. Ng5 e6
21. Bh3 Re8 22. f3 h6 23. Nxe6 Rxe6 24. fxe4 Qe8 25. Bxe6+ Qxe6 26. e5 Kh7
27. Ba3 Nc4 28. Qf2 Qg4 29. Bf8 Qe4 30. Rae1 Nxe5 31. Bxg7 Rxg7 32. dxe5 d4
33. Qf3 Qxf3 34. Rxf3 Bxf3 35. exd4 Bc6 36. Kf2 Rf7+ 37. Ke3 Rf3+ 38. Ke2
Ra3 39. Rb1 Rxa4 40. Rxb6 Bd5 41. Rd6 Ra5 42. Ke3 Kg7 43. Kf4 Bf7 44. h4
Rd5 45. g4 Rxd6 46. exd6 Be6 47. d5 Bd7 48. g5 h5 49. Ke5 Kf7 50. Kd4 Ke8
51. Kc5 Kd8 52. Kb6 Kc8 53. Kc5 Kd8 54. Kb6 Bg4 55. Kc6 Bf5 56. d7 Ke7 57.
d8=Q+ Kxd8 58. Kd6 Bg4 59. Kc6 Ke7 60. Kc7 Bd7 1/2-1/2

[Event "Sparkassen Open A"]
[Site "Dortmund GER"]
[Date "2010.07.17"]
[Round "1"]
[White "Franke,T"]
[Black "Konow,P"]
[Result "0-1"]
[WhiteElo "2198"]
[BlackElo "1889"]
[EventDate "2010.07.17"]

1. c4 e6 2. g3 Nf6 3. Bg2 d5 4. Nf3 Be7 5. O-O O-O 6. b3 c5 7. cxd5 exd5 8.
d4 Ne4 9. dxc5 Bf6 10. Nd4 Qe7 11. e3 Na6 12. Ba3 Naxc5 13. Nd2 b6 14. b4
Nc3 15. Qc2 N5e4 16. Nxe4 Nxe4 17. Qd3 Bb7 18. Rac1 Rfc8 19. Rfd1 Qd7 20.
Ne2 Qa4 21. Bh3 Rxc1 22. Rxc1 Ba6 23. Qxd5 Rd8 24. Qxe4 Bxe2 25. Rc2 0-1

[Event "Sparkassen Open A"]
[Site "Dortmund GER"]
[Date "2010.07.17"]
[Round "1"]
[White "Liedtke,D"]
[Black "Butschek,M"]
[Result "1-0"]
[WhiteElo "2191"]
[BlackElo "1891"]
[EventDate "2010.07.17"]

1. c4 f5 2. g3 g6 3. Bg2 Nf6 4. Nc3 Bg7 5. d3 d6 6. e3 O-O 7. Nge2 Nc6 8.
O-O e5 9. Rb1 g5 10. f4 h6 11. b4 Qe8 12. b5 Nd8 13. a4 Ne6 14. Nd5 Nxd5
15. cxd5 Nd8 16. Qc2 Qe7 17. Bd2 b6 18. Rfc1 Rf7 19. Rb4 Bb7 20. Rc4 Rc8
21. Nc3 gxf4 22. exf4 Qd7 23. a5 Re7 24. Qb3 Nf7 25. Ra4 Rce8 26. axb6 axb6
27. Ra7 Qc8 28. Qc4 Nd8 29. Na2 e4 30. dxe4 fxe4 31. Be3 Qf5 32. Nb4 h5 33.
Qf1 Bxd5 34. Rcxc7 Rxc7 35. Rxc7 Ne6 36. Bh3 Qf8 37. Nxd5 Nxc7 38. Nxc7 1-0

[Event "Sparkassen Open A"]
[Site "Dortmund GER"]
[Date "2010.07.17"]
[Round "1"]
[White "Bauschmann,C"]
[Black "Harff,M"]
[Result "1/2-1/2"]
[WhiteElo "1871"]
[BlackElo "2168"]
[EventDate "2010.07.17"]

1. e4 e6 2. d4 d5 3. Nc3 Bb4 4. e5 c5 5. a3 cxd4 6. axb4 dxc3 7. Qg4 Kf8 8.
Bd3 f5 9. Qg3 Qc7 10. Nf3 Nd7 11. O-O cxb2 12. Bxb2 Nb6 13. Bd4 Ne7 14. Bc5
Kg8 15. Nd4 Nc6 16. Nb5 Qd8 17. Qe3 Bd7 18. Nxa7 Nc4 1/2-1/2

[Event "Sparkassen Open A"]
[Site "Dortmund GER"]
[Date "2010.07.17"]
[Round "1"]
[White "Wittenberg,A"]
[Black "Carmesin,M"]
[Result "1/2-1/2"]
[WhiteElo "2143"]
[BlackElo "1859"]
[EventDate "2010.07.17"]

1. d4 Nf6 2. Nf3 d6 3. g3 Nbd7 4. Bg2 e5 5. dxe5 dxe5 6. O-O Bc5 7. b3 O-O
8. Bb2 Qe7 9. Nh4 Qe6 10. e4 b6 11. Qe2 Bb7 12. Nd2 g6 13. Kh1 Rfe8 14.
Rae1 Rad8 15. Nhf3 Qc6 16. Ng5 h6 17. Nh3 Bb4 18. c3 Bf8 19. f4 exf4 20.
gxf4 Nc5 21. Nf2 Bg7 22. c4 Qd6 23. Bxf6 Qxf6 24. Ng4 Qb2 25. Nb1 Qxe2 26.
Rxe2 Bxe4 27. Rfe1 f5 28. Nf2 Bxg2+ 29. Kxg2 Kf7 30. Kg3 Bd4 31. Nd1 Nd3
32. Rxe8 Rxe8 33. Rxe8 Kxe8 34. Nbc3 c6 35. Kf3 Ke7 36. Ne2 Bc5 37. Ndc3
Kf6 38. Na4 Bd6 39. Ke3 Nc5 40. Nac3 Ne6 41. h3 g5 42. fxg5+ Kxg5 43. Kf3
Be5 44. Nd1 Nd4+ 45. Kf2 Nxe2 46. Kxe2 Kh4 47. Ne3 Kxh3 48. Nxf5 h5 49. Kf3
c5 50. Ke4 Bb8 51. Kf3 Bc7 52. Ne7 Kh4 53. Nc6 a5 54. Ne7 Kg5 55. Nd5 Bd8
56. Nf4 Bf6 57. Nd5 Bd8 58. Nf4 Kh6 59. Ne6 Be7 60. Nf4 h4 61. Kg4 Kg7 62.
Ng2 Kf7 63. Nf4 Bd8 64. Kf5 Bc7 65. Nh3 Bg3 66. Ng5+ Ke7 67. a4 Kd7 68. Nh3
Kd6 69. Ng5 Be1 70. Ne4+ Kc6 71. Ng5 Bd2 72. Nh3 Be3 73. Ke4 Bh6 74. Kf5
Bf8 1/2-1/2

[Event "Sparkassen Open A"]
[Site "Dortmund GER"]
[Date "2010.07.17"]
[Round "1"]
[White "Pedersen,LarsW"]
[Black "Mazarov,J"]
[Result "0-1"]
[WhiteElo "1850"]
[BlackElo "2167"]
[EventDate "2010.07.17"]

1. e4 c5 2. Nf3 d6 3. Be2 Nf6 4. Nc3 e5 5. d3 Be7 6. Bd2 O-O 7. O-O Nc6 8.
Nd5 Nxd5 9. exd5 Nb8 10. c4 f5 11. Ne1 Nd7 12. f4 Bf6 13. fxe5 Nxe5 14. Bc3
Bd7 15. Nf3 Ng4 16. Bxf6 Qxf6 17. Qd2 Rae8 18. Rae1 f4 19. Qc3 Qh6 20. Bd1
Ne3 21. Rf2 g5 22. h3 g4 23. hxg4 Bxg4 24. Be2 Rf5 25. Nh2 Bxe2 26. Rexe2
Rh5 27. g3 fxg3 28. Rg2 Nxg2 29. Rxe8+ Kf7 30. Re6 gxh2+ 31. Kh1 Qf4 32.
Qe1 0-1

[Event "Sparkassen Open A"]
[Site "Dortmund GER"]
[Date "2010.07.17"]
[Round "1"]
[White "Steinle,C"]
[Black "Deinert,W"]
[Result "1-0"]
[WhiteElo "2151"]
[BlackElo "1844"]
[EventDate "2010.07.17"]

1. d4 Nf6 2. Nf3 e6 3. e3 c5 4. Bd3 Nc6 5. O-O d5 6. b3 Be7 7. Bb2 O-O 8.
Nbd2 Qb6 9. c4 Bd7 10. cxd5 Nxd5 11. Nc4 Qd8 12. dxc5 Bxc5 13. Nfe5 Nxe5
14. Nxe5 f6 15. Nxd7 Qxd7 16. Qc2 Rac8 17. Bxh7+ Kh8 18. Qe4 Qe7 19. Bg6 f5
20. Qf3 Nf6 21. Rac1 b6 22. Rc4 1-0

[Event "Sparkassen Open A"]
[Site "Dortmund GER"]
[Date "2010.07.17"]
[Round "1"]
[White "Gaul,A"]
[Black "Chilla,J"]
[Result "0-1"]
[WhiteElo "1852"]
[BlackElo "2143"]
[EventDate "2010.07.17"]

1. d4 Nf6 2. Nf3 g6 3. c4 Bg7 4. Nc3 O-O 5. e4 d6 6. Be2 Bg4 7. Be3 Nfd7 8.
Qb3 Bxf3 9. Bxf3 Nc6 10. Rd1 e5 11. d5 Nd4 12. Bxd4 exd4 13. Na4 f5 14. O-O
fxe4 15. Bxe4 Qh4 16. Rde1 Rad8 17. g3 Qf6 18. f4 b6 19. Qd3 Kh8 20. b4 a5
21. a3 axb4 22. axb4 Ra8 23. Qc2 Rfe8 24. Bd3 Re3 25. c5 bxc5 26. bxc5 Rae8
27. cxd6 Rxe1 28. dxc7 Rxf1+ 29. Kxf1 Rc8 30. Bb5 Qd6 0-1

[Event "Sparkassen Open A"]
[Site "Dortmund GER"]
[Date "2010.07.17"]
[Round "1"]
[White "Roehrich,S"]
[Black "Glahn,Michael"]
[Result "1-0"]
[WhiteElo "2142"]
[BlackElo "1826"]
[EventDate "2010.07.17"]

1. e4 Nf6 2. Nc3 d5 3. e5 Nfd7 4. f4 e6 5. Nf3 c5 6. Be2 Nc6 7. O-O Nb6 8.
d4 Be7 9. Kh1 h6 10. Be3 cxd4 11. Nxd4 Bd7 12. Bg4 Nc4 13. Bc1 Bc5 14. Nxc6
Bxc6 15. Bf3 g6 16. Ne2 h5 17. b3 Nb6 18. Bb2 Nc8 19. Bd4 Bf8 20. Bf2 h4
21. Rc1 Ne7 22. Nd4 Nf5 23. Nxf5 gxf5 24. c4 Qa5 25. cxd5 Bxd5 26. Bxd5 Rd8
27. Bc6+ bxc6 28. Qf3 Qd5 29. Rxc6 Qxf3 30. gxf3 a5 31. Bb6 Ra8 32. Rfc1 a4
33. Rc8+ Rxc8 34. Rxc8+ Kd7 35. Rc7+ Ke8 36. b4 Bg7 37. Bc5 h3 38. Re7+ Kd8
39. Rxf7 Bh6 40. Ra7 Re8 41. Be3 Kc8 42. Ra8+ Kd7 43. Rxe8 Kxe8 44. b5 Kd7
45. Kg1 Bf8 46. Kf2 Bb4 47. Kg3 Kc7 48. Kxh3 Be1 49. Kg2 Kb7 50. Kf1 Bh4
51. Ke2 Be7 52. Kd3 Bf8 53. h4 Kc7 54. h5 Kb7 55. Kc4 a3 56. Bc5 Bh6 57.
Bxa3 Bxf4 58. Bd6 Be3 59. a4 Kb6 60. a5+ Kb7 61. Bc5 Bf4 62. Bd4 Bh6 63.
a6+ 1-0

[Event "Sparkassen Open A"]
[Site "Dortmund GER"]
[Date "2010.07.17"]
[Round "1"]
[White "Henkemeier,Markus"]
[Black "Richter,Gera"]
[Result "0-1"]
[WhiteElo "1822"]
[BlackElo "2119"]
[EventDate "2010.07.17"]

1. e4 c5 2. Nc3 Nc6 3. g3 g6 4. Bg2 Bg7 5. d3 e6 6. Be3 d6 7. Qd2 Rb8 8. f4
Nge7 9. Nf3 O-O 10. O-O b5 11. g4 f5 12. exf5 gxf5 13. g5 b4 14. Nd1 Nd5
15. Bf2 Qd7 16. d4 c4 17. c3 a5 18. Bg3 Qa7 19. Ne3 bxc3 20. bxc3 Nxc3 21.
Qxc3 Nxd4 22. Qd2 Rb2 23. Qd1 Ne2+ 24. Kh1 Qxe3 25. g6 hxg6 26. Re1 Nxg3+
27. hxg3 Qf2 28. Rg1 Bb7 29. Rc1 Bd5 0-1

[Event "Sparkassen Open A"]
[Site "Dortmund GER"]
[Date "2010.07.17"]
[Round "1"]
[White "Schiefelbusch,D"]
[Black "Grahl,Matthias"]
[Result "1/2-1/2"]
[WhiteElo "2135"]
[BlackElo "1776"]
[EventDate "2010.07.17"]

1. d4 Nf6 2. Nf3 g6 3. Bg5 Bg7 4. e3 d5 5. c4 O-O 6. Nc3 c6 7. Bd3 Bg4 8.
Bxf6 Bxf6 9. cxd5 cxd5 10. Qb3 e6 11. Qxb7 Nd7 12. Rb1 Qe7 13. O-O Rab8 14.
Qxa7 Rfc8 15. Qa4 Nb6 16. Qc2 Bxf3 17. gxf3 e5 18. dxe5 Bxe5 19. f4 Qh4 20.
Be2 d4 21. fxe5 dxc3 22. f4 Nd5 23. Qe4 Qh3 24. Bf3 c2 25. Rbc1 Ne7 26.
Rxc2 Rxc2 27. Qxc2 Nf5 28. Qf2 Nxe3 29. Rb1 Qf5 30. Re1 Nc2 31. Rd1 Rxb2
32. Bg2 Qg4 33. Qf3 Qc8 34. Rc1 Qc5+ 35. Kh1 Qe3 36. Qxe3 Nxe3 37. Be4 Re2
1/2-1/2

[Event "Sparkassen Open A"]
[Site "Dortmund GER"]
[Date "2010.07.17"]
[Round "1"]
[White "Lienau,H"]
[Black "Naundorf,M"]
[Result "0-1"]
[WhiteElo "1763"]
[BlackElo "2127"]
[EventDate "2010.07.17"]

1. e4 c5 2. Nf3 g6 3. d4 cxd4 4. Qxd4 Nf6 5. e5 Nc6 6. Qd1 Nxe5 7. Nxe5
Qa5+ 8. Nc3 Qxe5+ 9. Be3 Bh6 10. Qd4 Qxd4 11. Bxd4 O-O 12. Nb5 b6 13. Nc7
Rb8 14. Be5 Rb7 15. Bxf6 Rxc7 16. Bc3 Bb7 17. f3 d5 18. Bd3 e5 19. O-O d4
20. Bb4 Rd8 21. Rfe1 Be3+ 22. Kf1 f5 23. Re2 e4 24. fxe4 fxe4 25. Bb5 Rd5
26. Ba4 Rf5+ 27. Ke1 Bd5 28. Bb3 Bxb3 29. cxb3 Rcf7 30. Kd1 Rf1+ 31. Be1
Rh1 32. h3 Rff1 33. a3 Kf7 34. b4 Ke6 35. b3 Kd5 36. Raa2 Bf4 37. a4 d3 0-1

[Event "Sparkassen Open A"]
[Site "Dortmund GER"]
[Date "2010.07.18"]
[Round "2"]
[White "Schorra,H"]
[Black "Zaitsev,Mikhail V"]
[Result "0-1"]
[WhiteElo "2111"]
[BlackElo "2507"]
[EventDate "2010.07.17"]

1. d4 d5 2. c4 e5 3. dxe5 d4 4. Nf3 Nc6 5. g3 Nge7 6. Bg2 Ng6 7. Bg5 Qd7 8.
e6 fxe6 9. O-O e5 10. Bc1 Be7 11. Nbd2 O-O 12. Ne4 h6 13. Ne1 Qf5 14. Nd3
Qh5 15. Bd2 a5 16. a3 Nh8 17. Re1 Qg6 18. f3 Bf5 19. Ndf2 Nf7 20. Bh3 Bxh3
21. Nxh3 Nd6 22. Nxd6 Bxd6 23. Nf2 d3 24. Qb1 e4 25. Nxe4 dxe2 26. Qd3 Ne5
27. Qd5+ Kh8 28. Rxe2 Nxf3+ 29. Kh1 Rad8 30. Qxb7 Nd4 31. Rg2 Be5 32. Bc3
c6 33. Nd2 Nc2 34. Rc1 Bxc3 35. bxc3 Rxd2 36. Rxd2 Qe4+ 0-1

[Event "Sparkassen Open A"]
[Site "Dortmund GER"]
[Date "2010.07.18"]
[Round "2"]
[White "Zimmermann,Dir"]
[Black "Cherniaev,A1"]
[Result "0-1"]
[WhiteElo "2085"]
[BlackElo "2469"]
[EventDate "2010.07.17"]

1. d4 Nf6 2. c4 d6 3. Nc3 e5 4. d5 Nbd7 5. Nf3 a5 6. e4 Nc5 7. Nd2 Be7 8.
Be2 O-O 9. g4 Ne8 10. Nf1 Bg5 11. Be3 Bxe3 12. Nxe3 Qh4 13. Bf3 Bd7 14. Qe2
c6 15. O-O-O a4 16. Kb1 Qd8 17. Rc1 Qa5 18. h4 Nb3 19. axb3 axb3 20. Nc2
bxc2+ 21. Kxc2 Nc7 22. Kd1 Na6 23. Ke1 cxd5 24. cxd5 b5 25. Qd2 Nc5 26. Bd1
b4 0-1

[Event "Sparkassen Open A"]
[Site "Dortmund GER"]
[Date "2010.07.18"]
[Round "2"]
[White "Nalbandian,T"]
[Black "Kartsev,A2"]
[Result "1-0"]
[WhiteElo "2453"]
[BlackElo "2145"]
[EventDate "2010.07.17"]

1. Nf3 f5 2. g3 Nf6 3. Bg2 g6 4. O-O Bg7 5. d4 O-O 6. b4 Nc6 7. b5 Na5 8.
Qd3 a6 9. a4 Ne4 10. Nbd2 d5 11. Ne5 Be6 12. Ndf3 Nc4 13. Bf4 Qe8 14. bxa6
Rxa6 15. Nxc4 dxc4 16. Qa3 c5 17. Qe3 Bf7 18. Be5 cxd4 19. Qxd4 Bf6 20.
Rfb1 Rxa4 21. Rxb7 Rxa1+ 22. Qxa1 Qa8 23. Ra7 Qd5 24. Bxf6 exf6 25. Nd4 Rd8
26. e3 Qe5 27. Qa3 Rb8 28. h3 Qc5 29. Bxe4 Qxa3 30. Rxa3 fxe4 31. Ra7 h5
32. Kg2 Rb6 33. Re7 f5 34. g4 Kg7 35. gxf5 Kf6 36. Rc7 gxf5 37. Kg3 Be6 38.
h4 Rb8 39. Rc6 Ra8 40. Kh2 Re8 41. Kg2 Ke5 42. Rc5+ Kf6 43. Kf1 Bc8 44. Ke1
Rg8 45. Rxc4 Bd7 46. Rc7 Be8 47. Rc8 Rg1+ 48. Kd2 Bd7 49. Rd8 Ke7 50. Rh8
f4 51. Rxh5 fxe3+ 52. Kxe3 Re1+ 53. Kd2 Rf1 54. Ke2 Bg4+ 55. Kxf1 Bxh5 56.
Ke1 Kd6 57. Kd2 Ke5 58. Ke3 Bd1 59. c4 Bh5 60. c5 Bg4 1-0